Raja v Austin Gray (Record no. 71990)

MARC details
000 -LEADER
fixed length control field 01498cam a2200289 4500
001 - CONTROL NUMBER
control field ABS66380
008 - FIXED-LENGTH DATA ELEMENTS--GENERAL INFORMATION
fixed length control field 030129n2003 000 0 eng u
035 ## - SYSTEM CONTROL NUMBER
System control number (Sirsi) u121158
245 ## - TITLE STATEMENT
Title Raja v Austin Gray
260 ## - PUBLICATION, DISTRIBUTION, ETC.
Date of publication, distribution, etc. 2003
490 ## - SERIES STATEMENT
Series statement Estates Gazette
Volume/sequential designation [2003] 04 EG 151 (CS) (1)
490 ## - SERIES STATEMENT
Series statement Estates Gazette
Volume/sequential designation [2003] 13 EG 117-124(8)
520 ## - SUMMARY, ETC.
Summary, etc. [2002] EWCA Civ 1965 19 December 2002. The respondent (R) owned properties that he had charged to a third party as security on loans. The third party went into receivership and exercised a power of sale over R's properties.The receivers appointed the appellant AG to value the properties. The first issue was whether the receivers owed a duty of care in equity to the deceased (R) in relation to the valuations of the properties. If not the case, then AG did not owe a duty of care to R. The second issue was whether AG owed a duty of care to any party other than the receivers as their clients. CA held that it was not just, fair and reasonable to treat AG as owing a duty of care directly to T. Appeal allowed (for HC judgment see X119613).
590 ## - LOCAL NOTE (RLIN)
Local note ABS
650 ## - SUBJECT ADDED ENTRY--TOPICAL TERM
Topical term or geographic name entry element RAJA V AUSTIN GRAY
650 ## - SUBJECT ADDED ENTRY--TOPICAL TERM
Topical term or geographic name entry element NEGLIGENT VALUATION
650 ## - SUBJECT ADDED ENTRY--TOPICAL TERM
Topical term or geographic name entry element VALUATIONS
650 ## - SUBJECT ADDED ENTRY--TOPICAL TERM
Topical term or geographic name entry element EQUITY OF REDEMPTION
650 ## - SUBJECT ADDED ENTRY--TOPICAL TERM
Topical term or geographic name entry element MORTGAGES
650 ## - SUBJECT ADDED ENTRY--TOPICAL TERM
Topical term or geographic name entry element DUTIES
650 ## - SUBJECT ADDED ENTRY--TOPICAL TERM
Topical term or geographic name entry element FORESEEABILITY
650 ## - SUBJECT ADDED ENTRY--TOPICAL TERM
Topical term or geographic name entry element UNDERVALUE
650 ## - SUBJECT ADDED ENTRY--TOPICAL TERM
Topical term or geographic name entry element DUTY OF CARE
650 ## - SUBJECT ADDED ENTRY--TOPICAL TERM
Topical term or geographic name entry element REASONABLE
690 ## - LOCAL SUBJECT ADDED ENTRY--TOPICAL TERM (OCLC, RLIN)
Topical term or geographic name as entry element MANAGEMENT-BUSINESS MANAGEMENT-PROFESSIONAL PRACTICE
942 ## - ADDED ENTRY ELEMENTS (KOHA)
Suppress in OPAC 0
Holdings
Withdrawn status Lost status Source of classification or shelving scheme Damaged status Not for loan Home library Current library Shelving location Date acquired Total Checkouts Full call number Barcode Date last seen Copy number Price effective from Koha item type
    Dewey Decimal Classification     London London Journal article 29/01/2003   ABS66380 121158-1001 06/08/2019 1 06/08/2019 Law report